000 00565nam a2200229Ia 4500
003 OSt
005 20221005130806.0
006 a|||||r|||| 00| 0
007 ta
008 221004b |||||||| |||| 00| 0 kan d
024 _a62322
037 _cTextual
040 _aCRL
_cCRL
_bkan
041 _2kan
_akan
082 _aP33, M6
100 _aSiddalingaiah T.B.
_9638672
245 0 _aSamudaya Beedhi
260 _c1986
650 _aKANNAD LANGUAGE
_9187447
942 _hP33, M6
_cTEXL
_2cc
999 _c1058422
_d1058422